BIBLIOTECA

SENCICO

Riesgos en la construcción / (Registro nro. 3812)

Detalles MARC
000 -LEADER
fixed length control field 01872nam a22003017a 4500
003 - CONTROL NUMBER IDENTIFIER
control field PE SENCICO BE
005 - DATE AND TIME OF LATEST TRANSACTION
control field 20251020182626.0
008 - FIXED-LENGTH DATA ELEMENTS--GENERAL INFORMATION
fixed length control field 230203b |||||||| |||| 00| 0 eng d
020 ## - INTERNATIONAL STANDARD BOOK NUMBER
International Standard Book Number 978-84-92650-39-2
040 ## - CATALOGING SOURCE
Original cataloging agency PE SENCICO BE
Transcribing agency PE SENCICO BE
041 ## - LANGUAGE CODE
Language code of text/sound track or separate title spa
082 ## - DEWEY DECIMAL CLASSIFICATION NUMBER
Classification number 690.22
Item number H39
100 1# - MAIN ENTRY--PERSONAL NAME
9 (RLIN) 580
Personal name Henao Robledo, Fernando
Relator term autor
245 1# - TITLE STATEMENT
Title Riesgos en la construcción /
Statement of responsibility, etc. Fernando Henao Robledo
250 ## - EDITION STATEMENT
Edition statement [1a ed.]
260 ## - PUBLICATION, DISTRIBUTION, ETC.
Place of publication, distribution, etc. Bogotá :
Name of publisher, distributor, etc. Starbook,
Date of publication, distribution, etc. 2010
300 ## - PHYSICAL DESCRIPTION
Extent 304 p. :
Other physical details il., diagrs. ;
Dimensions 24 cm.
504 ## - BIBLIOGRAPHY, ETC. NOTE
Bibliography, etc. note Bibliografía: p. [303]-304.
505 0# - FORMATTED CONTENTS NOTE
Formatted contents note Políticas de salud ocupacional -- Gestión para un trabajo seguro en la construcción -- Otros servicios -- Gasolina y lubricantes -- Manejo y almacenamiento -- Equipos de extintores de incendio -- Herramienta de mano -- Herramientas mecánicas -- Normas generales de seguridad -- Trabajos en altura -- Procedimiento para realizar trabajos en espacios confinados -- Radiaciones ultravioletas -- Elementos de señalización -- Construcción de pozos, cubos y cajas montacargas -- Construcción de carreteras -- Palas y grúas -- Planificación del trabajo para proporcionar seguridad -- Fases o etapas de la construcción -- Medidas de seguridad -- Seguridad en los talleres de reparación de automóviles.
520 3# - SUMMARY, ETC.
Summary, etc. Recopila toda la información, tanto de legislación, prevención de riesgos del sector, contratación, protección, clasificación y manipulación de materiales, etc., que será una valiosa herramienta para todas aquellas personas interesadas en el tema.
650 14 - SUBJECT ADDED ENTRY--TOPICAL TERM
9 (RLIN) 177
Topical term or geographic name entry element Construcción
650 24 - SUBJECT ADDED ENTRY--TOPICAL TERM
9 (RLIN) 348
Topical term or geographic name entry element Accidentes de trabajo
650 24 - SUBJECT ADDED ENTRY--TOPICAL TERM
9 (RLIN) 96
Topical term or geographic name entry element Seguridad industrial
650 24 - SUBJECT ADDED ENTRY--TOPICAL TERM
9 (RLIN) 147
Topical term or geographic name entry element Trabajadores de la construcción
650 24 - SUBJECT ADDED ENTRY--TOPICAL TERM
9 (RLIN) 581
Topical term or geographic name entry element Salud ocupacional
910 ## - USER-OPTION DATA (OCLC)
-- hfp
-- hfp
942 ## - ADDED ENTRY ELEMENTS (KOHA)
Source of classification or shelving scheme Dewey Decimal Classification
Koha item type Libros
Classification part 690.22
Item part H39
Existencias
Fecha de la última vez que lo usaron Número de ingreso o de inventario Pago total Signatura topográfica completa Código de barras Precio efectivo desde Tipo de documento Estado perdido Sistema de clasificación Estado dañado No es para préstamo Retirado Ubicación permanente Ubicación actual Fecha de adquisición
03/02/2023 16546   690.22/H39 BibLima24110004 03/02/2023 Libros   Dewey Decimal Classification       Biblioteca Central Lima Biblioteca Central Lima 03/02/2023